Cơ kết cấu nâng cao

Guardado en:
Detalles Bibliográficos
Autor principal: Bùi, Công Thành
Formato: Libro
Lenguaje:Undetermined
Publicado: Thành phố Hồ Chí Minh Đại học Quốc gia Thành phố Hồ Chí Minh 2004
Materias:
Etiquetas: Agregar Etiqueta
Sin Etiquetas, Sea el primero en etiquetar este registro!
Thư viện lưu trữ: Trung tâm Học liệu Trường Đại học Cần Thơ
LEADER 00716nam a2200241Ia 4500
001 CTU_64696
008 210402s9999 xx 000 0 und d
020 |b 18500 
020 |c 20000 
082 |a 531.385 
082 |b Th107 
100 |a Bùi, Công Thành 
245 0 |a Cơ kết cấu nâng cao 
245 0 |c Bùi Công Thành 
260 |a Thành phố Hồ Chí Minh 
260 |b Đại học Quốc gia Thành phố Hồ Chí Minh 
260 |c 2004 
526 |a Phân tích giới hạn kết cấu công trình 
526 |b CN650 
650 |a Plasticity 
904 |a TUYẾN 
904 |i Minh 
980 |a Trung tâm Học liệu Trường Đại học Cần Thơ